[Event "IECC CL3-2007.07 email"]
[Site "IECC email"]
[Date "2007.07.03"]
[Round "?"]
[White "Nett, Philipp"]
[Black "Koolsbergen, Nico"]
[Result "1-0"]
[WhiteElo "2018"]
[BlackElo "1887"]
[PlyCount "73"]
[EventDate "2007.??.??"]
[EventType "tourn (corr)"]
[EventRounds "4"]
[SourceTitle "Corr 2011"]
[Source "ChessBase"]
[SourceDate "2010.08.31"]
[SourceVersion "1"]
[SourceVersionDate "2010.08.31"]
[SourceQuality "1"]
[WhiteTeam "Italy"]
[BlackTeam "Chile"]
[WhiteTeamCountry "ITA"]
[BlackTeamCountry "CHI"]

1. d4 Nf6 2. c4 g6 3. Nc3 d5 4. Nf3 Bg7 5. Bg5 Ne4 6. Bf4 c5 7. e3 Qa5 8. Qb3 cxd4 9. exd4 0-0 10. cxd5 Rd8 11. Bc4 Nd6 12. 0-0 Nxc4 13. Qxc4 Bf5 14. Rfe1 Nd7 15. Rxe7 Rac8 16. Qb3 Bf8 17. Rxf7 Kxf7 18. Ng5+ Kg7 19. d6 Kh8 20. Nf7+ Kg7 21. Bh6+ Kf6 22. Nxd8 Qxd8 23. Nd5+ Kf7 24. Ne7+ Be6 25. d5 Bf5 26. Bxf8 Kxf8 27. Re1 Ne5 28. Nxc8 Qxc8 29. Qe3 Nf7 30. Qe7+ Kg7 31. Qc7 Kf8 32. a3 a5 33. Qe7+ Kg7 34. h3 a4 35. Qe3 Qc4 36. g4 Bd7 37. Qf3 1-0

[Event "IECC CL3-2007.04 email"]
[Site "IECC email"]
[Date "2007.03.26"]
[Round "?"]
[White "Luers, Chuck"]
[Black "Koolsbergen, Nico"]
[Result "1-0"]
[WhiteElo "1922"]
[BlackElo "1874"]
[PlyCount "97"]
[EventDate "2007.??.??"]
[EventType "tourn (corr)"]
[EventRounds "4"]
[SourceTitle "Corr 2008"]
[Source "ChessBase"]
[SourceDate "2008.06.24"]
[SourceVersion "1"]
[SourceVersionDate "2008.06.24"]
[SourceQuality "1"]
[WhiteTeam "US of America"]
[BlackTeam "Netherlands"]
[WhiteTeamCountry "USA"]
[BlackTeamCountry "NED"]

1. e4 e6 2. d4 d5 3. Nc3 Nf6 4. e5 Nfd7 5. f4 c5 6. Nf3 a6 7. Be3 Nc6 8. Qd2 b5 9. a3 Bb7 10. Qf2 Qa5 11. Ra2 Qb6 12. Ne2 b4 13. Nd2 bxa3 14. bxa3 Qa5 15. c3 cxd4 16. Bxd4 Nxd4 17. cxd4 Rc8 18. f5 Bb4 19. Qe3 Nb6 20. Kf2 exf5 21. Nf4 g5 22. Nh5 f4 23. Nf6+ Kd8 24. Qe2 Bc3 25. Qd3 Na4 26. Be2 Nb2 27. Rxb2 Bxb2 28. Rb1 Qb6 29. Nf3 h6 30. Qf5 Rc7 31. Kf1 Bc8 32. Qd3 Qc6 33. Nxd5 Qxd5 34. Rxb2 Rc1+ 35. Kf2 g4 36. Ne1 Qa5 37. Rb4 Rf8 38. Qd2 Qxa3 39. Nd3 g3+ 40. hxg3 fxg3+ 41. Kxg3 Rh1 42. Qf4 Qc3 43. Rb8 Qc7 44. Qf6+ Ke8 45. Ra8 Rg8+ 46. Kf2 Rb1 47. Bf3 Rb8 48. Bc6+ Kf8 49. Qxh6+ 1-0

[Event "IECC CL3-2007.04 email"]
[Site "IECC email"]
[Date "2007.03.26"]
[Round "?"]
[White "Redford, Stephen J"]
[Black "Koolsbergen, Nico"]
[Result "0-1"]
[WhiteElo "1790"]
[BlackElo "1879"]
[PlyCount "58"]
[EventDate "2007.??.??"]
[EventType "tourn (corr)"]
[EventRounds "4"]
[SourceTitle "Corr 2008"]
[Source "ChessBase"]
[SourceDate "2008.06.24"]
[SourceVersion "1"]
[SourceVersionDate "2008.06.24"]
[SourceQuality "1"]
[WhiteTeam "South Africa"]
[BlackTeam "Netherlands"]
[WhiteTeamCountry "RSA"]
[BlackTeamCountry "NED"]

1. e4 e6 2. d4 d5 3. Nd2 c5 4. exd5 exd5 5. Ngf3 c4 6. Be2 a6 7. 0-0 Bd6 8. Re1 Ne7 9. b3 b5 10. a4 c3 11. Nf1 b4 12. Ne5 0-0 13. Bf4 f6 14. Nd3 Nbc6 15. Bxd6 Qxd6 16. Nc5 Nf5 17. Nd3 Ncxd4 18. Bf3 Nxf3+ 19. Qxf3 Nd4 20. Qd1 Bd7 21. Ne3 Rae8 22. Rc1 Re4 23. Qh5 Rfe8 24. Qxd5+ Qxd5 25. Nxd5 Ne2+ 26. Rxe2 Rxe2 27. N5xb4 Bf5 28. Kf1 a5 29. Nc6 Rxc2 0-1